000 00555nam a2200205Ia 4500
003 GCL
008 140319s9999 xx 000 0 eng d
040 _aGCL /
_cGCL
082 0 4 _a620.0015
_bK A
100 1 _aCALAME, CHRISTOPHE
245 1 0 _aADVANCES IN BOUNDARY ELEMENT TECHNIQUES /
_cCALAME, CHRISTOPHE
700 1 _aSEYMOUR, MARY
700 1 _aBACK, LES
260 _a[S.N] :
_bMacmillan Publishing Company ،
_c1992
300 _a509 p
650 0 4 _aTECHNIQUE
650 0 4 _aBOUNDARY ELEMENT METHODS
650 0 4 _aELEMENTS
942 _2ddc
_cBK
999 _c15371
_d15371